The religious orders of Islám /

محفوظ في:

المؤلف الرئيسي: Sell, Edward, 1839-1932 (مؤلف)

التنسيق: كتاب

اللغة: English

منشور في: London : Simpkin, Marshall, Hamilton, Kent & Co., 1908.

الموضوعات:

الوسوم: إضافة وسم

لا توجد وسوم, كن أول من يضع وسما على هذه التسجيلة!

رقم الطلب: BP189.2 .S4x 1908

LEADER 00720nam a22002531 4500
001 1435
003 OSt
005 20251005064050.0
008 130303s1908 enk 000 0 eng d
035 |a tmp00550793 
040 |c ARCE Library 
049 |a EARC 
050 4 |a BP189.2 .S4x 1908 
100 1 |a Sell, Edward,   |d 1839-1932,   |e author 
245 1 4 |a The religious orders of Islám /  |c by the Rev. Canon Sell. 
264 1 |a London :   |b Simpkin, Marshall, Hamilton, Kent & Co.,   |c 1908. 
300 |a 132 pages ;   |c 17 cm. 
650 0 |a Islam   |x Functionaries. 
650 0 |a Islamic monasticism and religious orders. 
650 0 |a Islamic sects. 
650 0 |a Sufism. 
901 |a reviewed 
942 |c BK  |2 lcc 
999 |c 2399  |d 2399